Online
Catalog

Pensamiento político. (Record no. 30127)

MARC details
000 -CABECERA
campo de control de longitud fija 00967nam a2200241 a 4500
001 - NÚMERO DE CONTROL
campo de control 000030635
005 - FECHA Y HORA DE LA ÚLTIMA TRANSACCIÓN
campo de control 20200930062424.0
008 - DATOS DE LONGITUD FIJA--INFORMACIÓN GENERAL
campo de control de longitud fija 110525s1961 pe 000 | spa d
040 ## - FUENTE DE LA CATALOGACIÓN
Centro catalogador/agencia de origen DO-SdBNP
Lengua de catalogación spa
Centro/agencia transcriptor BNPHU
082 ## - NÚMERO DE LA CLASIFICACIÓN DECIMAL DEWEY
Número de clasificación 985
Número de documento/Ítem H413p
100 1# - ENTRADA PRINCIPAL--NOMBRE DE PERSONA
Nombre de persona Haya de la Torre, Víctor Raúl,
Fechas asociadas al nombre 1895-1979
9 (RLIN) 57220
245 10 - MENCIÓN DE TÍTULO
Título Pensamiento político.
260 ## - PUBLICACIÓN, DISTRIBUCIÓN, ETC.
Lugar de publicación, distribución, etc. Lima, Perú :
Nombre del editor, distribuidor, etc. Ediciones Pueblo,
Fecha de publicación, distribución, etc. 1961.
300 ## - DESCRIPCIÓN FÍSICA
Extensión v. ;
Dimensiones 17 cm.
500 ## - NOTA GENERAL
Nota general La biblioteca sólo posee v.1-3.
500 ## - NOTA GENERAL
Nota general Incluye notas al pie de las páginas.
505 0# - NOTA DE CONTENIDO CON FORMATO
Información miscelánea v. 1.
Título Indoamérica --
Información miscelánea v.2
Título Ideología aprista --
Información miscelánea v.3
Título Aprismo y filosofía
Información miscelánea v.4
Título El plan de acción --
Información miscelánea v.5
Título Nuestra América y el mundo
600 14 - PUNTO DE ACCESO ADICIONAL DE MATERIA--NOMBRE DE PERSONA
Nombre de persona HAYA DE LA TORRE, VÍCTOR RAÚL
Fechas asociadas al nombre 1895-1979
9 (RLIN) 57221
610 24 - PUNTO DE ACCESO ADICIONAL DE MATERIA--NOMBRE DE ENTIDAD CORPORATIVA
Nombre de entidad corporativa o nombre de jurisdicción como elemento de entrada PARTIDO APRISTA PERUANO
9 (RLIN) 31405
651 #4 - PUNTO DE ACCESO ADICIONAL DE MATERIA--NOMBRE GEOGRÁFICO
Nombre geográfico Perú
Subdivisión general Política Y Gobierno
Subdivisión cronológica SIGLO XX
9 (RLIN) 57222
651 #4 - PUNTO DE ACCESO ADICIONAL DE MATERIA--NOMBRE GEOGRÁFICO
Nombre geográfico América Latina
Subdivisión general Política Y Gobierno
Subdivisión cronológica SIGLO XX
9 (RLIN) 57223
910 ## - DATOS DE OPCIÓN DEL USUARIO (OCLC)
Datos de opción del usuario Validado. Control de calidad MFF
Holdings
Estado de retiro Estado de pérdida Restricciones de uso No para préstamo Código de colección Localización permanente Ubicación/localización actual Ubicación en estantería Fecha de adquisición Número de inventario Total de préstamos Signatura topográfica completa Código de barras Fecha visto por última vez Precio válido a partir de Tipo de ítem Koha Nota pública
      Excluido de préstamo Monografías: Libros y Folletos Patrimonio Dominicano Patrimonio Dominicano Depósito 02.08.2013 LF1   v. 4 30635-30 25.06.2020 25.06.2020 No se presta  
      Excluido de préstamo Raros y valiosos Patrimonio Dominicano Patrimonio Dominicano Depósito 25.05.2011 LF1   v.2 30635-10 25.06.2020 25.06.2020 No se presta Perteneció a la biblioteca personal de Juan Isidro Jimenes Grullón.
      Excluido de préstamo Raros y valiosos Patrimonio Dominicano Patrimonio Dominicano Depósito 01.06.2011 LF1   v.3 30635-20 25.06.2020 25.06.2020 No se presta Perteneció a la biblioteca personal de Juan Isidro Jimenes Grullón.

Powered by Koha